On rent of land, and its influence on subsistence and population (Record no. 113863)

MARC details
000 -LEADER
fixed length control field 00664cam a22001815a 4500
001 - CONTROL NUMBER
control field L155834
008 - FIXED-LENGTH DATA ELEMENTS--GENERAL INFORMATION
fixed length control field 120418s1828 xxk f 000 0 eng d
035 ## - SYSTEM CONTROL NUMBER
System control number (Sirsi) u155834
041 0# - LANGUAGE CODE
Language code of text/sound track or separate title eng
100 1# - MAIN ENTRY--PERSONAL NAME
Personal name Hopkins, Thomas
Dates associated with a name d. 1864
245 00 - TITLE STATEMENT
Title On rent of land, and its influence on subsistence and population
Remainder of title with observations on the operating causes of the condition of the labouring classes in various countries
260 ## - PUBLICATION, DISTRIBUTION, ETC.
Place of publication, distribution, etc. London
Name of publisher, distributor, etc. Hunt and Clarke
Date of publication, distribution, etc. 1828
300 ## - PHYSICAL DESCRIPTION
Extent 1 p. l., [v]-vii p., 1 l., 140 p.
Dimensions 20 cm.
583 ## - ACTION NOTE
Action Condition reviewed
Time/date of action 20120620
Status condition level 1
651 #4 - SUBJECT ADDED ENTRY--GEOGRAPHIC NAME
Geographic name Great Britain
Chronological subdivision 1707-
690 ## - LOCAL SUBJECT ADDED ENTRY--TOPICAL TERM (OCLC, RLIN)
Topical term or geographic name as entry element Land use
9 (RLIN) 6251
942 ## - ADDED ENTRY ELEMENTS (KOHA)
Suppress in OPAC 0
Holdings
Withdrawn status Lost status Damaged status Not for loan Home library Current library Shelving location Date acquired Total Checkouts Full call number Barcode Date last seen Copy number Price effective from Koha item type
        Historic collection Historic collection Historic collection 18/04/2012   PRICE OCTAVO 1828 HOPKINS 30076734 20/08/2025 1 06/08/2019 Book